| 000 | 00000nam 2200000za 4500 |
| 001 | 9.638479 |
| 003 | CaOODSP |
| 005 | 20220325143622 |
| 007 | cr ||||||||||| |
| 008 | 150407|2011||||xxc|||||o f|0| 0 fre d |
| 020 | |a978-1-100-96725-7 |
| 040 | |aCaOODSP|bfre |
| 043 | |an-cn--- |
| 086 | 1 |aEn4-144/8-2011F-PDF |
| 110 | 1 |aCanada. |bEnvironnement Canada. |
| 245 | 10|aIndicateur sur le traitement des eaux usées municipales : |h[ressource électronique]|bsources des données et méthodes |
| 260 | |aOttawa - Ontario : |bEnvironnement Canada |cMars 2011. |
| 300 | |a3p.|bréférences |
| 590 | |a11-25|b2011-06-24 |
| 775 | 08|tMunicipal wastewater treatment indicator : |w(CaOODSP)9.694303 |
| 794 | |tSources des données et méthodes : |w(CaOODSP)9.640162 |
| 856 | 40|ahttp://publications.gc.ca|qPDF|s298 Ko|uhttps://publications.gc.ca/collections/collection_2011/ec/En4-144-8-2011-fra.pdf |